00698nam a2200217Ia 4500003000900000008004100009040001300050040001300063041000800076100002800084245008200112250001000194260002600204260000900230300001100239300001000250490000600260942000700266999001700273952019000290IT-RoPAU120407s9999 xx 000 0 und d aIT-RoPAU cIT-RoPAU afra aJean-Jacques von Allmen aVocabulaire biblique, publié sous la direction de Jean - Jacques von Allmen aParis aDelachaux & Niestlé c1954 a314 p. c24 cm v1 cBK c32300d32300 00102ddc406220_300000000000000_1171aPAULUSbPAULUSd2012-04-11l0o220.3.11r2012-04-11 00:00:00w2012-04-11yBKzInserito da: Anna In data: n.d. fondo: Via A.Severo 56 Progr:37281